AP Gov Required Court Case Vocab - Statistics

General Stats
  • This quiz has been taken 299 times
  • The average score is 12 of 15
Answer Stats
Hint Answer % Correct
this amendment says you have the right to bear arms second
91%
when you redraw voting districts this is called gerrymandering
85%
the 1st amendment allows people to express themselves as long as they are not threatening is called free ___ speech
85%
selective incorporation is associated with the __ process clause in the 14th amendment due
84%
Brown v. Board, Shaw v. Reno, and Baker v. Carr all use the __ protection clause in the 14th amendment equal
84%
congress has the power to regulate economic activities this is called the __ clause commerce
82%
amendment where you have the right to a lawyer or legal counsel is this amendment sixth
81%
if there is a dispute between the national government and states the __ clause says the national government wins supremacy
80%
when the supreme court declares something unconstitutional this power is called the judicial review
77%
the government cannot create one religion over another this is called the __ clause establishment
76%
the sharing of government power between the national and state governments is called federalism
76%
the government cannot tell you how to practice your religion is called the __ clause free exercise
69%
congress can create any law to do their job effectively describes the __ clause necessary and proper
65%
when you apply the bill of rights to the states this is called selective incorporation
65%
when the government cannot censor an article before it is published is called prior restraint
52%
No matching quizzes found
Score Distribution
Percent of People with Each Score
Percentile by Number Answered
Your Score History
You have not taken this quiz